00458nam a2200157Ia 4500003000400000005001700004008004100021020001800062082001800080100002200098245007000120250001200190260005300202300001400255700003100269OSt20250714150106.0240827s9999 xx 000 0 und d a9789352861781 a658.049bG87I aGriffin, Ricky W. 0aInternational Businesscby Ricky W. Griffin and Michael W. Pustay a8th ed. bPearson India Education Servicec2023aNoida, UP a624p.ePB eAuthoraPustay, Michael W.